| 000 | 00795nam a2200181Ia 4500 | ||
|---|---|---|---|
| 008 | 151202s9999||||xx |||||||||||||| ||und|| | ||
| 082 | _bPNVM-53484 | ||
| 100 | _aअष्टीकर मंदाकिनी. | ||
| 245 | _aनिद्रेच्या कुशीत विसावली ज्योत. | ||
| 260 | _bबांदोडकर पब्लिशिंग हाउस गोवा. | ||
| 260 | _c1985 | ||
| 300 | _a204 | ||
| 600 | _aअष्टीकर मंदाकिनी. | ||
| 630 | _aनिद्रेच्या कुशीत विसावली ज्योत. | ||
| 700 | _aअष्टीकर मंदाकिनी. | ||
| 730 | _aनिद्रेच्या कुशीत विसावली ज्योत. | ||
| 942 | _cBOOK | ||
| 999 |
_c1320023 _d1320020 |
||